header

Biometrics, privacy, progress and government (Record no. 162050)

MARC details
000 -LEADER
fixed length control field 01407nam a2200349 a 4500
082 04 - DEWEY DECIMAL CLASSIFICATION NUMBER
Classification number 323.44/830973
245 00 - TITLE STATEMENT
Title Biometrics, privacy, progress and government
260 ## - PUBLICATION, DISTRIBUTION, ETC. (IMPRINT)
Place of publication New York :
Name of publisher Nova Science Publishers,
Year of publication c2010.
300 ## - PHYSICAL DESCRIPTION
Number of Pages ix, 162 p. :
Other physical details ill.
490 1# - SERIES STATEMENT
Series statement Computer science, technology and applications
650 #0 - SUBJECT ADDED ENTRY--TOPICAL TERM
Topical Term Biometric identification
Topical Term Privacy, Right of.
700 1# - ADDED ENTRY--PERSONAL NAME
Personal name Jefferson, Rachel B.
856 40 - ELECTRONIC LOCATION AND ACCESS
Uniform Resource Identifier http://site.ebrary.com/lib/rucke/Doc?id=10671004

No items available.

© 2026 Rongo University
Contact us: librarian | system librarian | Rongo university